000
00331nam a2200133Ia 4500
008
240624s9999 xx 000 0 und d
041
_a
eng
082
_a
823 BHA
100
_a
BHAGAT CHETAN
245
_a
3 MISTAKES OF MY LIFE
260
_c
2008
_a
New Delhi
_b
Rupa & Company
300
_a
xx, : 257 : p. : cm. ; 20
365
_c
RS
_b
20
999
_c
9492
_d
9492